[Event "EU-ch (Women) 23rd"]
[Site "Petrovac"]
[Date "2023.03.18"]
[Round "1"]
[White "Fataliyeva, Ulviyya Hasil Qizi"]
[Black "Ivekovic, Tihana"]
[Result "1-0"]
[WhiteElo "2427"]
[BlackElo "2132"]
[PlyCount "57"]
[EventDate "2023.03.18"]
[EventType "swiss"]
[EventRounds "11"]
[EventCountry "MNE"]
[SourceTitle "CBM 213 Extra"]
[Source "ChessBase"]
[SourceDate "2023.05.31"]
[SourceVersion "1"]
[SourceVersionDate "2023.05.31"]
[SourceQuality "1"]

1. Nf3 Nf6 2. c4 e6 3. e3 d5 4. b3 Be7 5. Nc3 0-0 6. Bb2 b6 7. cxd5 exd5 8. d4 Bb7 9. Rc1 Nbd7 10. Bd3 Re8 11. 0-0 a6 12. Ne5 b5 13. Ne2 Bd6 14. f4 c5 15. Ng3 c4 16. Bb1 g6 17. h4 Rc8 18. h5 Kg7 19. Qf3 Ba8 20. f5 g5 21. h6+ Kg8 22. Nh5 Bf8 23. Nxd7 Nxd7 24. f6 Bxh6 25. Ba3 Ne5 26. dxe5 d4 27. Qf5 d3 28. bxc4 bxc4 29. Rxc4 1-0

[Event "Mediterranean Flower (Women) 23rd"]
[Site "Rijeka"]
[Date "2023.03.07"]
[Round "4"]
[White "Doluhanova, Evgeniya"]
[Black "Ivekovic, Tihana"]
[Result "1-0"]
[WhiteElo "2311"]
[BlackElo "2132"]
[PlyCount "65"]
[EventDate "2023.03.05"]
[EventType "tourn"]
[EventRounds "9"]
[EventCountry "CRO"]
[SourceTitle "CBM 213 Extra"]
[Source "ChessBase"]
[SourceDate "2023.05.31"]
[SourceVersion "1"]
[SourceVersionDate "2023.05.31"]
[SourceQuality "1"]

1. c4 Nf6 2. d3 e6 3. e4 d5 4. cxd5 exd5 5. e5 Bb4+ 6. Nd2 Qe7 7. Qe2 Ng4 8. Ngf3 c5 9. h3 Nh6 10. a3 Ba5 11. d4 c4 12. b4 cxb3 13. Qb5+ Nc6 14. Qxb3 0-0 15. Bb5 Nf5 16. Bxc6 bxc6 17. 0-0 Ba6 18. Re1 Bc4 19. Qc2 Qe6 20. Bb2 Rab8 21. Bc3 Bb6 22. g4 Nh6 23. Nxc4 dxc4 24. Ng5 Qg6 25. Qxg6 hxg6 26. Rab1 f6 27. Nf3 Rbd8 28. Bb4 Rfe8 29. exf6 Rxe1+ 30. Rxe1 Bxd4 31. Nxd4 Rxd4 32. Re8+ Kf7 33. Rf8+ 1-0

[Event "Mediterranean Flower (Women) 23rd"]
[Site "Rijeka"]
[Date "2023.03.06"]
[Round "2"]
[White "Radeva, Viktoria"]
[Black "Ivekovic, Tihana"]
[Result "1-0"]
[WhiteElo "2247"]
[BlackElo "2132"]
[PlyCount "53"]
[EventDate "2023.03.05"]
[EventType "tourn"]
[EventRounds "9"]
[EventCountry "CRO"]
[SourceTitle "CBM 213 Extra"]
[Source "ChessBase"]
[SourceDate "2023.05.31"]
[SourceVersion "1"]
[SourceVersionDate "2023.05.31"]
[SourceQuality "1"]

1. e4 c5 2. Nf3 e6 3. d4 cxd4 4. Nxd4 a6 5. Bd3 Bc5 6. Nb3 Be7 7. Qg4 g6 8. Qe2 d6 9. Nc3 Nf6 10. Be3 b5 11. a3 Bb7 12. Bh6 Nbd7 13. f4 Qc7 14. 0-0 Bf8 15. Bxf8 Kxf8 16. e5 Ne8 17. Rae1 Ng7 18. exd6 Qxd6 19. Ne4 Qb6+ 20. Kh1 Nf5 21. Ng5 h5 22. Bxf5 gxf5 23. Qd2 Nf6 24. Qb4+ Ke8 25. Nc5 Bd5 26. Qd4 Rh6 27. Ncxe6 1-0

[Event "CRO-chT (Women) 30th"]
[Site "Porec"]
[Date "2022.09.28"]
[Round "6.2"]
[White "Njegovanovic Ocelic, Paula"]
[Black "Ivekovic, Tihana"]
[Result "0-1"]
[WhiteElo "1667"]
[BlackElo "2132"]
[PlyCount "138"]
[EventDate "2022.09.24"]
[EventType "team-tourn"]
[EventRounds "9"]
[EventCountry "CRO"]
[SourceTitle "CBM 210 Extra"]
[Source "ChessBase"]
[SourceDate "2022.11.30"]
[SourceVersion "1"]
[SourceVersionDate "2022.11.30"]
[SourceQuality "1"]
[WhiteTeam "Velimirovac Radnik (W)"]
[BlackTeam "Rijeka Liburnija (W)"]
[WhiteTeamCountry "CRO"]
[BlackTeamCountry "CRO"]

1. e4 c5 2. Nf3 a6 3. d4 cxd4 4. Nxd4 e5 5. Nb3 Nf6 6. Bd3 d5 7. exd5 Nxd5 8. 0-0 Be7 9. Bd2 Nc6 10. a3 0-0 11. Qf3 Be6 12. Nc3 Nf6 13. h3 Bxb3 14. cxb3 Nd4 15. Qd1 Nxb3 16. Qxb3 Qxd3 17. Rfd1 b5 18. Rac1 Qf5 19. Be3 Rac8 20. Nd5 Nxd5 21. Qxd5 Qe6 22. Qxe6 fxe6 23. Rd7 Rxc1+ 24. Bxc1 Bh4 25. g3 Rd8 26. Rxd8+ Bxd8 27. f3 Bb6+ 28. Kf1 Bd4 29. b3 Kf7 30. Ke2 Ke7 31. Be3 Kd6 32. Kd3 Kd5 33. Bd2 Bf2 34. g4 g6 35. Bc3 Bd4 36. Bd2 Bb2 37. Bb4 e4+ 38. fxe4+ Ke5 39. a4 Kf4 40. Be1 Kf3 41. axb5 axb5 42. g5 e5 43. h4 Bd4 44. Bd2 Kf2 45. Bb4 Kg3 46. Be1+ Bf2 47. Bc3 Kf4 48. Bd2+ Kg4 49. Bc3 Bg3 50. Ke3 Kxh4 51. Kf3 Bf4 52. Be1+ Kxg5 53. Bf2 Kf6 54. Kg4 h5+ 55. Kh3 g5 56. Be1 Kg6 57. Bf2 Bd2 58. Bg3 g4+ 59. Kg2 Bf4 60. Bh4 Bg5 61. Bg3 Kf6 62. Be1 h4 63. Bc3 Bf4 64. Be1 h3+ 65. Kg1 g3 66. Kh1 g2+ 67. Kg1 Be3+ 68. Bf2 Bxf2+ 69. Kxf2 Kg5 0-1